| 000 | 00666cam a2200229 4500500 | ||
|---|---|---|---|
| 005 | 20260405003728.0 | ||
| 041 | _afre | ||
| 042 | _adc | ||
| 100 | 1 | 0 |
_aLarmagnac-Matheron, Octave _eauthor |
| 245 | 0 | 0 | _aLes paradoxes de l’immigration |
| 260 | _c2023. | ||
| 500 | _a37 | ||
| 690 | _aAmitié | ||
| 690 | _aDémographie | ||
| 690 | _aEtrangers | ||
| 690 | _aFamille | ||
| 690 | _aGuillaume Le Blanc | ||
| 690 | _aImmigration | ||
| 690 | _aStatistique | ||
| 786 | 0 | _nPhilosophie magazine | 171 | 8 | 2023-07-01 | p. 12-12 | 1951-1787 | |
| 856 | 4 | 1 | _uhttps://shs.cairn.info/magazine-philosophie-magazine-2023-8-page-12?lang=fr&redirect-ssocas=7080 |
| 999 |
_c2070251 _d2070251 |
||